Joueurs vainqueurs de la Coupe du Monde - mort subite - Statistiques

Statistiques générales
  • Ce quiz a été pris 3 231 fois
  • Le résultat moyen est 8 sur 16
Answers on the Grid
Answers color-coded by a green-red scale on the quiz's grid according to % correct below.
Éric Cantona
Kylian Mbappé
Lionel Messi
Cristiano Ronaldo
Sadio Mané
Bixente Lizarazu
Karim Benzema
Miroslav Klose
Toni Kroos
Juninho
Neymar jr
Xavi
Luis Suárez
Samuel Umtiti
Paul Pogba
Lautaro Martínez
Franz Beckenbauer
Miguel Almirón
Roberto Baggio
Thibaut Courtois
Per Mertesacker
Ronaldo
Cafu
Nicolas Anelka
Marcus Thuram
Thierry Henry
André-Frank Zambo Anguissa
Alphonse Areola
Paolo Maldini
Oliver Kahn
Anthony Martial
Ángel Di María
 
Statistiques - réponses
Réponse % Correct
Kylian Mbappé
62%
Lionel Messi
62%
Paul Pogba
59%
Xavi
59%
Samuel Umtiti
57%
Ángel Di María
56%
Thierry Henry
56%
Toni Kroos
55%
Bixente Lizarazu
52%
Ronaldo
52%
Alphonse Areola
46%
Lautaro Martínez
46%
Cafu
45%
Miroslav Klose
44%
Franz Beckenbauer
40%
Per Mertesacker
19%
Aucun quiz correspondant
Distribution des résultats
% des personnes avec chaque résultat
Percentile par nombre de réponses
Votre historique - résultats
Vous n’avez pas pris ce quiz